000 00337 a2200145 4500
999 _c409250
_d409250
003 NUST
005 20180607071708.0
038 _a0
082 _a330.95491005 ECO
100 _aGovt of Pakistan
_911105
245 _aEconomic survey 1992-93
260 _aIslamabad
_bGovt of Pakistan
300 _a202p
942 _aNUST-S3H
_cBK
_cBK
_2ddc